The Aggregation of oil particles in emulsions (Record no. 45986)
[ view plain ]
| 000 -LEADER | |
|---|---|
| fixed length control field | 00300nam a2200109Ia 4500 |
| 100 ## - MAIN ENTRY--AUTHOR NAME | |
| Personal name | Cockbain E.G |
| 245 #4 - TITLE STATEMENT | |
| Title | The Aggregation of oil particles in emulsions |
| 260 ## - PUBLICATION, DISTRIBUTION, ETC. (IMPRINT) | |
| Name of publisher | Transactions of the Faraday Society |
| Year of publication | 1952 |
| 300 ## - PHYSICAL DESCRIPTION | |
| Number of Pages | 185-196 |
| 942 ## - ADDED ENTRY ELEMENTS (KOHA) | |
| Koha item type | Reprints |
| Withdrawn status | Lost status | Damaged status | Not for loan | Home library | Current library | Date acquired | Serial Enumeration / chronology | Koha item type |
|---|---|---|---|---|---|---|---|---|
| Reprints | RRII Library | RRII Library | 22/12/2021 | Volume 48, Issue 2 | Reprints |